[Event "Festival SSM B Agosto"]
[Site "Milano ITA"]
[Date "2015.08.02"]
[Round "3"]
[White "Mingolla, Patrizio"]
[Black "Colonetti, Fabio"]
[WhiteElo "1626"]
[BlackElo "1642"]
[Result "1/2-1/2"]
[PlyCount "99"]
[EventDate "2015.07.31"]

1. e4 Nf6 2. Nc3 d5 3. e5 Nfd7 4. d4 e6 5. Nce2 c5 6. c3 Nc6 7. Nf3 Qb6 8. Rb1
Be7 9. Ng3 O-O 10. a3 a5 11. Be3 a4 12. Bd3 cxd4 13. cxd4 f6 14. exf6 Nxf6 15.
O-O Bd7 16. Ne5 Qc7 17. Nxd7 Qxd7 18. Bb5 Ne4 19. Nxe4 dxe4 20. Bxa4 Bf6 21.
Bc2 Nxd4 22. Bxe4 Rad8 23. Re1 e5 24. b4 b5 25. Rc1 Qa7 26. Rc3 Qa6 27. Qb1 h6
28. Qa2+ Kh8 29. Rc7 Qe6 30. Qxe6 Nxe6 31. Rc6 Nd4 32. Rc5 Rb8 33. Bxd4 exd4
34. Bd3 Ra8 35. Ra1 Rfb8 36. Kf1 Be7 37. Rxb5 Rxb5 38. Bxb5 Bxb4 39. a4 Bc3 40.
Ra2 Kg8 41. Ke2 Kf7 42. Kd3 Ke6 43. Re2+ Kd6 44. Re8 Rxe8 45. Bxe8 Kd5 46. Bb5
Bb2 47. f4 Bc1 48. g3 h5 49. h4 Be3 50. a5 1/2-1/2

[Event "Festival SSM B Agosto"]
[Site "Milano ITA"]
[Date "2015.08.02"]
[Round "3"]
[White "Vece, Luigi"]
[Black "Pollio, Ciro"]
[WhiteElo "1565"]
[BlackElo "1769"]
[Result "0-1"]
[PlyCount "68"]
[EventDate "2015.07.31"]

1. e4 c5 2. c4 Nc6 3. Nc3 d6 4. d3 g6 5. f4 Nf6 6. Nf3 Bg4 7. h3 Bxf3 8. Qxf3
Nd4 9. Qd1 Nh5 10. Kf2 e5 11. Qg4 Nf6 12. Qg3 exf4 13. Qxf4 Ne6 14. Qh2 Nh5 15.
g3 Qf6+ 16. Kg2 Nd4 17. Be2 Nxe2 18. Nxe2 g5 19. Rf1 Qg6 20. Nc3 O-O-O 21. Nd5
g4 22. h4 Re8 23. Bg5 h6 24. Bf6 Bg7 25. Bxg7 Qxg7 26. Rab1 Qd4 27. Rfd1 f5 28.
Nc3 Qe3 29. Rf1 fxe4 30. Nxe4 Qxd3 31. Nf2 Qf3+ 32. Kg1 Nxg3 33. Rfd1 Ne2+ 34.
Kf1 g3 0-1

[Event "Festival SSM B Agosto"]
[Site "Milano ITA"]
[Date "2015.08.02"]
[Round "3"]
[White "Bonghi, Fabrizio"]
[Black "Pedroli, Marco"]
[WhiteElo "1481"]
[BlackElo "1592"]
[Result "0-1"]
[PlyCount "80"]
[EventDate "2015.07.31"]

1. d4 d5 2. Bf4 e6 3. e3 Nf6 4. Nf3 c5 5. Bb5+ Bd7 6. Bxd7+ Nbxd7 7. O-O Be7 8.
Nbd2 c4 9. c3 O-O 10. b3 Rc8 11. bxc4 dxc4 12. e4 b5 13. e5 Nd5 14. Be3 Nxc3
15. Qc2 Nd5 16. Ne4 Nxe3 17. fxe3 Nb6 18. Ng3 Nd5 19. Qf2 Bg5 20. Nxg5 Qxg5 21.
Rae1 f5 22. Qf3 g6 23. Rf2 a5 24. e4 fxe4 25. Nxe4 Rxf3 26. Nxg5 Rxf2 27. Kxf2
Re8 28. Re4 h6 29. Nf3 Rf8 30. Rg4 Kg7 31. h4 Rf4 32. Rg3 c3 33. Ke1 b4 34. Kd1
a4 35. h5 g5 36. Kc2 Ne3+ 37. Kc1 b3 38. axb3 axb3 39. Ne1 Nd5 40. Rf3 Rxd4 0-1

[Event "Festival SSM B Agosto"]
[Site "Milano ITA"]
[Date "2015.08.02"]
[Round "3"]
[White "Colombo, Abner"]
[Black "Cerri, Luigi"]
[WhiteElo "1307"]
[BlackElo "1497"]
[Result "0-1"]
[PlyCount "44"]
[EventDate "2015.07.31"]

1. e4 c6 2. d4 d5 3. e5 Bf5 4. Bd3 Bxd3 5. Qxd3 e6 6. a3 Qc7 7. f4 c5 8. Qb5+
Nd7 9. c4 cxd4 10. b4 dxc4 11. Nf3 a6 12. Qa4 b5 13. Qd1 d3 14. Bd2 Ne7 15. Nc3
Nb6 16. a4 Nxa4 17. Nxa4 bxa4 18. Qxa4+ Qc6 19. Qa5 Rb8 20. Nd4 Qb6 21. Qa4+
Kd8 22. Qxa6 Qxd4 0-1

[Event "Festival SSM B Agosto"]
[Site "Milano ITA"]
[Date "2015.08.02"]
[Round "3"]
[White "Poletto, Daniele"]
[Black "Bossoni, Alessandra"]
[WhiteElo "1712"]
[BlackElo "1456"]
[Result "1-0"]
[PlyCount "65"]
[EventDate "2015.07.31"]

1. c4 d6 2. e4 Nf6 3. Nc3 g6 4. g3 Bg7 5. Bg2 Nc6 6. Nge2 Ne5 7. d3 Bg4 8. O-O
Bf3 9. Bxf3 Nxf3+ 10. Kg2 Ne5 11. f4 Nc6 12. h3 e5 13. Be3 Qd7 14. Qd2 h5 15.
fxe5 Nxe5 16. Bg5 Nh7 17. Be3 Nf6 18. Nd5 Nxd5 19. cxd5 h4 20. g4 Nxg4 21. hxg4
Qxg4+ 22. Kf2 Be5 23. Ke1 Bg3+ 24. Nxg3 Qxg3+ 25. Qf2 Qxf2+ 26. Rxf2 Ke7 27.
Ke2 Rh7 28. Rh1 Rah8 29. Bd4 Rg8 30. Bf6+ Ke8 31. Rxh4 Rxh4 32. Bxh4 g5 33. Bg3
1-0

[Event "Festival SSM B Agosto"]
[Site "Milano ITA"]
[Date "2015.08.02"]
[Round "3"]
[White "Colica, Daniele"]
[Black "Fantina, Carla"]
[WhiteElo "1686"]
[BlackElo "1314"]
[Result "1-0"]
[PlyCount "61"]
[EventDate "2015.07.31"]

1. e4 d6 2. d4 Nf6 3. Nc3 g6 4. Nf3 Bg7 5. Be2 O-O 6. O-O c5 7. h3 Nc6 8. Be3
h6 9. Qd2 Kh7 10. dxc5 dxc5 11. Bxc5 Qxd2 12. Nxd2 b6 13. Be3 Nb4 14. Rac1 Bb7
15. a3 Nc6 16. f4 Rad8 17. Rcd1 e5 18. Nb3 Rxd1 19. Rxd1 exf4 20. Bxf4 Re8 21.
Bf3 Ne5 22. Nd5 Nxf3+ 23. gxf3 Nxd5 24. exd5 Bxb2 25. d6 g5 26. d7 Rd8 27. Bc7
Bf6 28. Bxd8 Bxd8 29. Nd4 Kg6 30. Re1 a6 31. Re8 1-0

[Event "Festival SSM B Agosto"]
[Site "Milano ITA"]
[Date "2015.08.02"]
[Round "3"]
[White "Carbone, Lorenzo"]
[Black "Forti, Francesco"]
[WhiteElo "1596"]
[BlackElo "1647"]
[Result "1/2-1/2"]
[PlyCount "55"]
[EventDate "2015.07.31"]

1. e4 e6 2. Nf3 d5 3. exd5 exd5 4. d4 Bd6 5. Bd3 Nf6 6. O-O O-O 7. h3 h6 8. Nc3
Nc6 9. a3 a6 10. Be3 Ne7 11. Qd2 Bf5 12. Bxf5 Nxf5 13. Bf4 Ne7 14. Rfe1 Ng6 15.
Bxd6 Qxd6 16. Ne5 Ne7 17. Re2 Nc6 18. Nxc6 Qxc6 19. Rae1 Rfe8 20. Qf4 Qd7 21.
Qf3 c6 22. Na4 Qc7 23. Nc5 Kf8 24. Rxe8+ Rxe8 25. Rxe8+ Kxe8 26. Qf5 Kf8 27. g4
Kg8 28. Qf3 1/2-1/2

[Event "Festival SSM B Agosto"]
[Site "Milano ITA"]
[Date "2015.08.02"]
[Round "3"]
[White "Marcuzzo, Stefano"]
[Black "Invernizzi, Ferruccio"]
[WhiteElo "1515"]
[BlackElo "1615"]
[Result "1-0"]
[PlyCount "99"]
[EventDate "2015.07.31"]

1. e4 d6 2. d4 Nf6 3. Nc3 g6 4. f4 Bg7 5. Nf3 O-O 6. Bd3 c6 7. O-O Nbd7 8. e5
dxe5 9. fxe5 Nd5 10. Nxd5 cxd5 11. Qe1 Nb6 12. Qh4 e6 13. Bg5 f6 14. Bxf6 Bxf6
15. exf6 Nd7 16. Ng5 Nxf6 17. Rxf6 Rxf6 18. Qxh7+ Kf8 19. Qh8+ Ke7 20. Qg7+ Kd6
21. Nf7+ Rxf7 22. Qxf7 Qb6 23. Qf8+ Kc7 24. Qc5+ Qxc5 25. dxc5 g5 26. Rf1 Bd7
27. Rf7 Rg8 28. Bh7 Rh8 29. Rg7 Kc6 30. Bd3 a6 31. Rxg5 Kxc5 32. Rg7 Kd6 33. g4
e5 34. g5 e4 35. Be2 Bc6 36. c3 Ke5 37. Rf7 Rg8 38. h4 Ke6 39. Rf6+ Ke5 40. Kg2
d4 41. cxd4+ Kxd4 42. Kf2 Bd5 43. a3 Rc8 44. h5 Rc2 45. h6 Bc4 46. h7 Rxe2+ 47.
Kg3 Re3+ 48. Kg2 Re2+ 49. Rf2 Rxf2+ 50. Kxf2 1-0

[Event "Festival SSM B Agosto"]
[Site "Milano ITA"]
[Date "2015.08.02"]
[Round "3"]
[White "Bracco, Valter"]
[Black "Scovazzi, Tullio"]
[WhiteElo "1400"]
[BlackElo "1643"]
[Result "1/2-1/2"]
[PlyCount "69"]
[EventDate "2015.07.31"]

1. d4 d5 2. Nf3 Nf6 3. e3 Bf5 4. Nbd2 e6 5. Nh4 Nbd7 6. Nxf5 exf5 7. Bd3 g6 8.
O-O Bg7 9. c3 c6 10. f3 O-O 11. e4 fxe4 12. fxe4 dxe4 13. Nxe4 Nxe4 14. Bxe4
Qb6 15. Kh1 Nf6 16. Bd3 Nd5 17. Bc4 Rad8 18. Qb3 Qxb3 19. Bxb3 Rfe8 20. Bc4 Re4
21. Bd2 Rde8 22. Bxd5 cxd5 23. Kg1 R8e6 24. Rae1 Kf8 25. Rxe4 Rxe4 26. Re1 f5
27. Kf2 Ke7 28. h3 Kd6 29. Kf3 Rxe1 30. Bxe1 Bh6 31. Bg3+ Kc6 32. Bf4 Bg7 33.
g4 a5 34. Be3 b5 35. a3 1/2-1/2

[Event "Festival SSM B Agosto"]
[Site "Milano ITA"]
[Date "2015.08.02"]
[Round "4"]
[White "Aloe, Giancarlo"]
[Black "Manzotti, Francesco"]
[WhiteElo "1711"]
[BlackElo "1774"]
[Result "1-0"]
[PlyCount "71"]
[EventDate "2015.07.31"]

1. d4 Nf6 2. Nf3 g6 3. g3 Bg7 4. Bg2 d6 5. O-O O-O 6. c4 c6 7. Nbd2 Qa5 8. b3
Qc3 9. Ba3 Nfd7 10. Ne4 Qa5 11. Bb2 Qc7 12. Rc1 a5 13. a3 Nf6 14. Nxf6+ Bxf6
15. Qc2 Nd7 16. Rfe1 e5 17. e4 Bg7 18. c5 exd4 19. cxd6 Qxd6 20. Rcd1 c5 21. b4
axb4 22. axb4 b6 23. bxc5 bxc5 24. e5 Qa6 25. Ra1 Qb5 26. Rxa8 Nb6 27. Rb8 Bf5
28. Rxf8+ Bxf8 29. Qc1 d3 30. Nd2 c4 31. Bd4 Bb4 32. e6 Bxe6 33. Re5 Bxd2 34.
Qxd2 Qb1+ 35. Re1 Qb3 36. Qh6 1-0

[Event "Festival SSM B Agosto"]
[Site "Milano ITA"]
[Date "2015.08.02"]
[Round "4"]
[White "Pollio, Ciro"]
[Black "Cavalieri, Riccardo"]
[WhiteElo "1769"]
[BlackElo "1744"]
[Result "1/2-1/2"]
[PlyCount "98"]
[EventDate "2015.07.31"]

1. d4 Nf6 2. c4 g6 3. Nc3 d5 4. Nf3 Bg7 5. Bf4 O-O 6. Rc1 c5 7. dxc5 Qa5 8.
cxd5 Ne4 9. Be5 Bxe5 10. Nxe5 Nxc5 11. Nc4 Qc7 12. e4 Rd8 13. Nb5 Qf4 14. f3
Nxe4 15. fxe4 Qh4+ 16. g3 Qxe4+ 17. Qe2 Qxh1 18. Nc7 Bh3 19. Ne3 Rc8 20. Kd2
Rxc7 21. Rxc7 Bxf1 22. Rc8+ Kg7 23. Qxf1 Qxh2+ 24. Qg2 Qxg2+ 25. Nxg2 Kf6 26.
Nf4 Ke5 27. Rd8 Ke4 28. Ke2 Ke5 29. Ke3 Kf5 30. Nd3 h5 31. Nc5 Ke5 32. Nxb7 a5
33. Nc5 g5 34. Nd7+ Nxd7 35. Rxa8 Nb6 36. Ra7 Nxd5+ 37. Kf3 f6 38. Rxa5 Kd6 39.
a3 Kc6 40. Ke4 Nc7 41. Kf5 Nb5 42. Ra4 Nd6+ 43. Kg6 h4 44. gxh4 gxh4 45. Rxh4
Kc5 46. Rb4 e5 47. Kxf6 e4 48. Rxe4 Nxe4+ 49. Ke5 Nd2 1/2-1/2

[Event "Festival SSM B Agosto"]
[Site "Milano ITA"]
[Date "2015.08.02"]
[Round "4"]
[White "Colonetti, Fabio"]
[Black "Pedroli, Marco"]
[WhiteElo "1642"]
[BlackElo "1592"]
[Result "1-0"]
[PlyCount "79"]
[EventDate "2015.07.31"]

1. e4 d5 2. exd5 Qxd5 3. Nc3 Qa5 4. d4 Nf6 5. Nf3 Bf5 6. Be2 c6 7. h3 Nbd7 8.
Be3 e6 9. a3 Bd6 10. Nd2 Qc7 11. Nc4 O-O-O 12. Nxd6+ Qxd6 13. Qd2 Nd5 14. Nxd5
exd5 15. O-O-O h6 16. Bf4 Qe7 17. Qa5 Nf6 18. Qxa7 Ne4 19. Qb8+ Kd7 20. Qxb7+
Ke8 21. Qxe7+ Kxe7 22. Rdf1 g5 23. Bh2 Nd6 24. Re1 Kd7 25. Bxd6 Kxd6 26. Bh5
Bg6 27. Bxg6 fxg6 28. Re2 Rhe8 29. Rhe1 Rxe2 30. Rxe2 Rb8 31. Re3 Rf8 32. Rf3
Rf5 33. Rxf5 gxf5 34. Kd2 h5 35. Ke3 c5 36. dxc5+ Kxc5 37. a4 h4 38. a5 f4+ 39.
Kf3 Kb5 40. Kg4 1-0

[Event "Festival SSM B Agosto"]
[Site "Milano ITA"]
[Date "2015.08.02"]
[Round "4"]
[White "Cerri, Luigi"]
[Black "Santelli, Francesco"]
[WhiteElo "1497"]
[BlackElo "1759"]
[Result "1-0"]
[PlyCount "39"]
[EventDate "2015.07.31"]

1. d4 Nf6 2. c4 e5 3. dxe5 Ng4 4. e3 Nxe5 5. Nc3 Bc5 6. Nf3 Nbc6 7. Be2 a5 8.
b3 O-O 9. O-O Re8 10. Bb2 Ra6 11. Qd5 Bf8 12. Ne4 Nb4 13. Qd2 Ng6 14. Ng3 Rd6
15. Qc3 Nf4 16. exf4 b6 17. a3 Nc6 18. Bd3 Bb7 19. Nh5 f6 20. Qc2 1-0

[Event "Festival SSM B Agosto"]
[Site "Milano ITA"]
[Date "2015.08.02"]
[Round "4"]
[White "Colica, Daniele"]
[Black "Poletto, Daniele"]
[WhiteElo "1686"]
[BlackElo "1712"]
[Result "0-1"]
[PlyCount "54"]
[EventDate "2015.07.31"]

1. e4 c5 2. Nf3 e6 3. d4 cxd4 4. Nxd4 a6 5. Be2 Qc7 6. Nc3 b5 7. Be3 Bb7 8. Qd2
b4 9. Na4 Bxe4 10. f3 Bb7 11. Nb3 Nc6 12. Bb6 Qd6 13. Qe3 Qe5 14. Qf2 Nf6 15.
f4 Qb8 16. O-O-O Nd5 17. Rxd5 exd5 18. Qe3+ Be7 19. Bc5 d6 20. Bb6 O-O 21. Bd3
h6 22. g4 Qe8 23. g5 hxg5 24. fxg5 Ne5 25. Nbc5 Nxd3+ 26. Nxd3 d4 27. Bxd4 Bxh1
0-1

[Event "Festival SSM B Agosto"]
[Site "Milano ITA"]
[Date "2015.08.02"]
[Round "4"]
[White "Carbone, Lorenzo"]
[Black "Marcuzzo, Stefano"]
[WhiteElo "1596"]
[BlackElo "1515"]
[Result "1/2-1/2"]
[PlyCount "58"]
[EventDate "2015.07.31"]

1. e4 e6 2. Nf3 d5 3. exd5 exd5 4. d4 Bd6 5. Bd3 Nf6 6. O-O O-O 7. h3 c5 8.
dxc5 Bxc5 9. Bg5 Qd6 10. Nc3 d4 11. Bxf6 Qxf6 12. Ne4 Qe7 13. Nxc5 Qxc5 14.
Nxd4 Nc6 15. Nxc6 Qxc6 16. Re1 Be6 17. Re3 Rfe8 18. Qh5 g6 19. Qg5 Bc4 20. Bxc4
Qxc4 21. c3 Qc7 22. Rae1 Qd7 23. Rxe8+ Rxe8 24. Rxe8+ Qxe8 25. Qe3 Qa4 26. a3
a6 27. Qd2 Qc6 28. Qd8+ Kg7 29. Qd4+ Kg8 1/2-1/2

[Event "Festival SSM B Agosto"]
[Site "Milano ITA"]
[Date "2015.08.02"]
[Round "4"]
[White "Forti, Francesco"]
[Black "Vece, Luigi"]
[WhiteElo "1647"]
[BlackElo "1565"]
[Result "0-1"]
[PlyCount "72"]
[EventDate "2015.07.31"]

1. d4 Nf6 2. c4 e6 3. Nc3 Bb4 4. Qc2 d5 5. e3 O-O 6. Nf3 Nbd7 7. Bd3 c5 8. cxd5
exd5 9. dxc5 Nxc5 10. O-O Bg4 11. Be2 Nce4 12. Rd1 Nxc3 13. bxc3 Ba5 14. Nd4
Bxe2 15. Nxe2 Rc8 16. Bb2 Re8 17. Nf4 Rc5 18. Qb3 Qb6 19. Qxb6 Bxb6 20. Rd2 Ba5
21. Rad1 Rb5 22. Ba1 Rd8 23. c4 Bxd2 24. cxb5 Ne4 25. Kf1 g5 26. Nh3 Bc3 27. f3
Nd2+ 28. Ke2 Bxa1 29. Rxa1 Nc4 30. Nxg5 Re8 31. e4 f6 32. Nh3 f5 33. Rd1 dxe4
34. fxe4 Rxe4+ 35. Kf2 Ne5 36. Ng5 Ng4+ 0-1

[Event "Festival SSM B Agosto"]
[Site "Milano ITA"]
[Date "2015.08.02"]
[Round "4"]
[White "Madaschi, Sergio"]
[Black "Bracco, Valter"]
[WhiteElo "1523"]
[BlackElo "1400"]
[Result "0-1"]
[PlyCount "32"]
[EventDate "2015.07.31"]

1. e4 c6 2. d4 d5 3. Nc3 dxe4 4. Nxe4 Bf5 5. Ng3 Bg6 6. h4 h6 7. Nf3 e6 8. Bd3
Bxd3 9. Qxd3 Nf6 10. Bd2 Nbd7 11. O-O-O c5 12. Ne5 Bd6 13. Kb1 Nxe5 14. dxe5
Bxe5 15. Qe2 Bd4 16. b4 O-O 0-1

[Event "Festival SSM B Agosto"]
[Site "Milano ITA"]
[Date "2015.08.02"]
[Round "4"]
[White "Bossoni, Alessandra"]
[Black "Bonghi, Fabrizio"]
[WhiteElo "1456"]
[BlackElo "1481"]
[Result "1-0"]
[PlyCount "47"]
[EventDate "2015.07.31"]

1. e4 c5 2. Nf3 d6 3. d4 cxd4 4. Nxd4 Nf6 5. Nc3 g6 6. Be3 Bg7 7. h3 a6 8. a3
O-O 9. Qd2 Nbd7 10. Be2 Nc5 11. f3 e5 12. Nb3 Nxb3 13. cxb3 Be6 14. Bc4 Bxc4
15. bxc4 Nh5 16. g4 Nf6 17. h4 Qe7 18. h5 Nd7 19. Bh6 Nc5 20. Bxg7 Kxg7 21.
hxg6 fxg6 22. Qh6+ Kg8 23. Nd5 Qf7 24. Nf6+ 1-0

[Event "Festival SSM B Agosto"]
[Site "Milano ITA"]
[Date "2015.08.02"]
[Round "4"]
[White "Invernizzi, Ferruccio"]
[Black "Colombo, Abner"]
[WhiteElo "1615"]
[BlackElo "1307"]
[Result "1-0"]
[PlyCount "27"]
[EventDate "2015.07.31"]

1. e4 e5 2. Nf3 d6 3. Bc4 Nf6 4. Nc3 Be7 5. O-O O-O 6. d4 exd4 7. Nxd4 Nbd7 8.
Nf5 Ne5 9. Nxe7+ Qxe7 10. Bb3 Be6 11. Nd5 Nxd5 12. exd5 Bg4 13. f3 f5 14. fxg4
1-0

[Event "Festival SSM B Agosto"]
[Site "Milano ITA"]
[Date "2015.08.02"]
[Round "4"]
[White "Fantina, Carla"]
[Black "Scovazzi, Tullio"]
[WhiteElo "1314"]
[BlackElo "1643"]
[Result "0-1"]
[PlyCount "82"]
[EventDate "2015.07.31"]

1. c4 e6 2. g3 d5 3. e3 dxc4 4. Qa4+ Bd7 5. Qxc4 c5 6. Bg2 Nc6 7. Nc3 Nf6 8.
Nf3 Be7 9. O-O O-O 10. a3 a6 11. Rb1 Rc8 12. Qa2 Qc7 13. d3 Rfd8 14. Bd2 Be8
15. Rfc1 Rxd3 16. e4 Rdd8 17. Bf4 Bd6 18. Bg5 h6 19. Bxf6 gxf6 20. Rc2 Qe7 21.
Rbc1 Nd4 22. Nxd4 cxd4 23. Nb1 Rxc2 24. Rxc2 e5 25. Nd2 Bd7 26. Nf3 Rc8 27.
Rxc8+ Bxc8 28. Nh4 Qc7 29. Qb1 Bf8 30. Bf3 Qc4 31. Bg2 Bd7 32. Bf1 Qb3 33. Bd3
Bb5 34. Bxb5 Qxb5 35. b4 Qc4 36. Nf3 d3 37. Nd2 Qc2 38. Qxc2 dxc2 39. Nb3 h5
40. Kf1 Bh6 41. Ke2 c1=Q 0-1

[Event "Festival SSM B Agosto"]
[Site "Milano ITA"]
[Date "2015.08.03"]
[Round "5"]
[White "Cavalieri, Riccardo"]
[Black "Aloe, Giancarlo"]
[WhiteElo "1744"]
[BlackElo "1711"]
[Result "1/2-1/2"]
[PlyCount "106"]
[EventDate "2015.07.31"]

1. e4 c5 2. Nf3 e6 3. d4 cxd4 4. Nxd4 Nc6 5. Nc3 a6 6. Be2 Nf6 7. O-O Bc5 8.
Be3 Nxd4 9. Bxd4 b6 10. Bxc5 bxc5 11. e5 Ng8 12. Ne4 Qc7 13. Qd6 Qxd6 14. Nxd6+
Ke7 15. Ne4 Rb8 16. b3 Nh6 17. Nxc5 a5 18. Rad1 Nf5 19. Bd3 Nd4 20. a4 h5 21.
Rfe1 g5 22. Ne4 g4 23. Nd6 h4 24. Be4 Nc6 25. Bxc6 dxc6 26. Nxc8+ Rbxc8 27. Re4
Rcd8 28. Red4 Rd5 29. Rxd5 exd5 30. f4 gxf3 31. gxf3 h3 32. Kf2 Rg8 33. Ke3 Ke6
34. f4 c5 35. Kf3 Rg2 36. Rc1 Kf5 37. Rd1 Rxh2 38. Rxd5 Rxc2 39. Rd3 h2 40. Rd1
Rc3+ 41. Kg2 Rxb3 42. Rd7 Rb2+ 43. Kh1 Kxf4 44. Rxf7+ Kxe5 45. Ra7 Kf4 46. Rf7+
Ke3 47. Rf3+ Ke4 48. Re3+ Kd4 49. Rd3+ Kc4 50. Rc3+ Kb4 51. Rc4+ Ka3 52. Rxc5
Kxa4 53. Rxa5+ Kxa5 1/2-1/2

[Event "Festival SSM B Agosto"]
[Site "Milano ITA"]
[Date "2015.08.03"]
[Round "5"]
[White "Cerri, Luigi"]
[Black "Pollio, Ciro"]
[WhiteElo "1497"]
[BlackElo "1769"]
[Result "0-1"]
[PlyCount "92"]
[EventDate "2015.07.31"]

1. d4 d5 2. c4 e6 3. Nc3 Nf6 4. Bg5 Be7 5. e3 O-O 6. Nf3 Nbd7 7. Rc1 h6 8. Bh4
Re8 9. Bd3 dxc4 10. Bxc4 Nb6 11. Bd3 Nbd5 12. Nxd5 exd5 13. O-O Bg4 14. Be2 Bd6
15. a3 c6 16. Bg3 Bxf3 17. Bxf3 Bxg3 18. hxg3 Qd6 19. b4 a5 20. Qb3 axb4 21.
axb4 Ra7 22. b5 Ra3 23. Qb2 Rea8 24. bxc6 bxc6 25. Qb6 R3a6 26. Qc5 Qb8 27. Rb1
Qf8 28. Qxf8+ Kxf8 29. Rfc1 R8a7 30. Kf1 Ke7 31. Be2 Ra2 32. Rxc6 Rd2 33. Rbc1
Raa2 34. Rc7+ Ke6 35. g4 Ne4 36. R1c6+ Nd6 37. Bf3 Rxf2+ 38. Kg1 Rfd2 39. Rb7
Rdc2 40. Rbb6 Rxc6 41. Rxc6 Ra5 42. Kf2 Kd7 43. Rc5 Rxc5 44. dxc5 Ne4+ 45. Bxe4
dxe4 46. Kg3 g5 0-1

[Event "Festival SSM B Agosto"]
[Site "Milano ITA"]
[Date "2015.08.03"]
[Round "5"]
[White "Manzotti, Francesco"]
[Black "Colonetti, Fabio"]
[WhiteElo "1774"]
[BlackElo "1642"]
[Result "1/2-1/2"]
[PlyCount "74"]
[EventDate "2015.07.31"]

1. c4 c6 2. g3 d5 3. Bg2 Nf6 4. Nf3 e6 5. O-O Be7 6. Na3 O-O 7. b3 Nbd7 8. Bb2
e5 9. d3 Re8 10. Nc2 Bd6 11. b4 Nf8 12. a4 Bf5 13. b5 Bg6 14. Nh4 Bh5 15. Nf5
Bc7 16. bxc6 bxc6 17. cxd5 cxd5 18. Nfe3 Rb8 19. Ba3 e4 20. Nb4 exd3 21. Qxd3
Qd7 22. Rfe1 Bg6 23. Qd1 Be5 24. Rc1 Rec8 25. Rxc8 Qxc8 26. Nbxd5 Nxd5 27. Nxd5
Qc4 28. e4 Rb3 29. Bxf8 Kxf8 30. Ne3 Qxa4 31. Qd5 Qb5 32. Qa8+ Qb8 33. Qd5 Qb5
34. Qd8+ Qe8 35. Qa5 Qe7 36. Rc1 Rb8 37. Nd5 Qd7 1/2-1/2

[Event "Festival SSM B Agosto"]
[Site "Milano ITA"]
[Date "2015.08.03"]
[Round "5"]
[White "Mingolla, Patrizio"]
[Black "Bossoni, Alessandra"]
[WhiteElo "1626"]
[BlackElo "1456"]
[Result "1-0"]
[PlyCount "143"]
[EventDate "2015.07.31"]

1. e4 d6 2. d4 Nf6 3. Nd2 g6 4. Bd3 Bg7 5. Ngf3 O-O 6. O-O Nc6 7. c3 e5 8. d5
Ne7 9. Rb1 Ne8 10. Bb5 f5 11. Bxe8 Qxe8 12. c4 f4 13. b3 h6 14. Bb2 g5 15. h3
Rf6 16. c5 Rg6 17. cxd6 cxd6 18. Nh2 Rf6 19. Ng4 Rf8 20. Nc4 Qg6 21. f3 h5 22.
Nh2 g4 23. fxg4 hxg4 24. Nxg4 Qxe4 25. Nxd6 Qxd5 26. Nxc8 Qc5+ 27. Kh1 Raxc8
28. Rc1 Qa5 29. a4 Rxc1 30. Qxc1 Nc6 31. Qc4+ Kh8 32. Rd1 Nd4 33. Nxe5 Bxe5 34.
Bxd4 Bxd4 35. Qxd4+ Kg8 36. Qd5+ Qxd5 37. Rxd5 f3 38. Kg1 fxg2 39. Kxg2 Rf7 40.
Rd3 Kh7 41. Rf3 Re7 42. Kg3 Kg6 43. Kf4 Kh5 44. Re3 Rd7 45. Ke5 Kh4 46. Ke6 Rd1
47. Rc3 b6 48. Ke5 Rd7 49. b4 a5 50. bxa5 bxa5 51. Rc5 Ra7 52. Rc3 Rd7 53. Ke4
Rd8 54. Rd3 Rb8 55. Kd5 Rc8 56. Rb3 Rc7 57. Rb5 Ra7 58. Kc6 Kxh3 59. Kb6 Rh7
60. Kxa5 Ra7+ 61. Kb4 Kg4 62. a5 Kf4 63. Rb6 Ke5 64. Kb5 Kd5 65. a6 Rc7 66. Rb7
Kd6 67. Kb6 Rc6+ 68. Ka7 Rc7 69. Kb8 Rc5 70. a7 Rh5 71. a8=Q Rh8+ 72. Ka7 1-0

[Event "Festival SSM B Agosto"]
[Site "Milano ITA"]
[Date "2015.08.03"]
[Round "5"]
[White "Pedroli, Marco"]
[Black "Marcuzzo, Stefano"]
[WhiteElo "1592"]
[BlackElo "1515"]
[Result "1-0"]
[PlyCount "43"]
[EventDate "2015.07.31"]

1. e4 e6 2. d3 d5 3. Nd2 Nf6 4. g3 dxe4 5. dxe4 e5 6. Bg2 Nc6 7. Ne2 Bc5 8. O-O
O-O 9. Kh1 Be6 10. h3 Qe7 11. c3 Rad8 12. Qc2 Rfe8 13. b4 Bb6 14. a4 a5 15. b5
Nb8 16. c4 Nbd7 17. Ba3 Bc5 18. Bb2 Bd6 19. Nb3 b6 20. f4 Nh5 21. f5 Bxf5 22.
exf5 1-0

[Event "Festival SSM B Agosto"]
[Site "Milano ITA"]
[Date "2015.08.03"]
[Round "5"]
[White "Bracco, Valter"]
[Black "Vece, Luigi"]
[WhiteElo "1400"]
[BlackElo "1565"]
[Result "0-1"]
[PlyCount "68"]
[EventDate "2015.07.31"]

1. d4 Nf6 2. Nf3 b6 3. e3 Bb7 4. Bd3 e6 5. O-O Be7 6. Nbd2 d5 7. Re1 Ne4 8. c3
O-O 9. Bc2 Nd7 10. Nxe4 dxe4 11. Nd2 Nf6 12. f3 exf3 13. Nxf3 Be4 14. Bxe4 Nxe4
15. Nd2 Nf6 16. e4 c5 17. Nf3 Rc8 18. Bg5 Ne8 19. Bxe7 Qxe7 20. Rc1 cxd4 21.
cxd4 Nd6 22. Qe2 Qb7 23. b3 Rxc1 24. Rxc1 Nxe4 25. Ne5 Nf6 26. Qc2 Qd5 27. Qc4
Qe4 28. Nc6 Qe3+ 29. Kh1 Ne4 30. h3 Qg3 31. Kg1 Nf2 32. Rc2 Nxh3+ 33. Kf1 Nf4
34. Ne7+ Kh8 $138 0-1

[Event "Festival SSM B Agosto"]
[Site "Milano ITA"]
[Date "2015.08.03"]
[Round "5"]
[White "Santelli, Francesco"]
[Black "Carbone, Lorenzo"]
[WhiteElo "1759"]
[BlackElo "1596"]
[Result "1/2-1/2"]
[PlyCount "150"]
[EventDate "2015.07.31"]

1. e4 c5 2. Nf3 d6 3. d4 cxd4 4. Nxd4 Nf6 5. Nc3 a6 6. Be3 e6 7. Be2 Be7 8. O-O
O-O 9. f3 b5 10. a4 b4 11. Na2 a5 12. c3 bxc3 13. Nxc3 Bb7 14. Rc1 Nc6 15. Ncb5
Nxd4 16. Qxd4 Ba6 17. Rc6 Bxb5 18. Bxb5 Nd7 19. Rfc1 Ne5 20. Rc7 Bf6 21. Qd2 d5
22. exd5 Qxd5 23. Qxd5 exd5 24. Kf2 Nc4 25. b3 Nxe3 26. Kxe3 Be5 27. Rd7 Rfd8
28. f4 Bb2 29. Rc2 d4+ 30. Kd3 Bc3 31. Re7 g6 32. Bc4 Rf8 33. Rce2 Rad8 34. g4
Bb4 35. Rb7 h6 36. Re4 Kg7 37. g5 hxg5 38. fxg5 Rb8 39. Rd7 Rbd8 40. Rexd4 Rxd7
41. Rxd7 Be1 42. Rd5 Rh8 43. Rd7 Rf8 44. Ke4 Bb4 45. Kf4 Be1 46. Kg4 Bb4 47. h4
Bc3 48. h5 gxh5+ 49. Kxh5 Rh8+ 50. Kg4 Rh1 51. Rxf7+ Kg6 52. Rf3 Rg1+ 53. Kh3
Bd2 54. Rd3 Bb4 55. Rd8 Rxg5 56. Rg8+ Kf6 57. Rb8 Rh5+ 58. Kg4 Rg5+ 59. Kf3 Rc5
60. Ke4 Re5+ 61. Kd3 Ke7 62. Kd4 Rh5 63. Bd5 Rh4+ 64. Be4 Rh3 65. Bd3 Kd6 66.
Rb6+ Kc7 67. Rb5 Kd6 68. Be4 Rh4 69. Rxb4 axb4 70. Kd3 Kc5 71. Bg6 Rh3+ 72. Kc2
Kb6 73. Bf7 Ka5 74. Be6 Rc3+ 75. Kd2 Rg3 1/2-1/2

[Event "Festival SSM B Agosto"]
[Site "Milano ITA"]
[Date "2015.08.03"]
[Round "5"]
[White "Invernizzi, Ferruccio"]
[Black "Colica, Daniele"]
[WhiteElo "1615"]
[BlackElo "1686"]
[Result "0-1"]
[PlyCount "82"]
[EventDate "2015.07.31"]

1. e4 Nf6 2. e5 Nd5 3. c4 Nb6 4. d4 d6 5. Nf3 Bg4 6. Be2 dxe5 7. Nxe5 Bxe2 8.
Kxe2 e6 9. b3 Bd6 10. Re1 Bxe5 11. dxe5 Qh4 12. h3 Nc6 13. Kf1 Rd8 14. Qg4 Qxg4
15. hxg4 Nd4 16. Rd1 Nc2 17. Rxd8+ Kxd8 18. Bb2 Nxa1 19. Bxa1 Ke7 20. Nc3 Rd8
21. Ke2 c6 22. Ne4 Nc8 23. Bc3 b6 24. Bd2 f6 25. exf6+ gxf6 26. f4 Nd6 27. Nxd6
Rxd6 28. Bc3 e5 29. g5 fxg5 30. fxe5 Rg6 31. g4 h5 32. gxh5 Rh6 33. Kf3 Rxh5
34. Kg4 Rh2 35. a4 Rg2+ 36. Kf3 Rc2 37. Bd4 c5 38. Ba1 Ke6 39. Kg4 Rg2+ 40. Kf3
Rg1 41. Bc3 Rb1 0-1